Engineering Fluid Mechanics (Record no. 220183)

MARC details
000 -LEADER
fixed length control field 00468nam a2200169Ia 4500
008 - FIXED-LENGTH DATA ELEMENTS--GENERAL INFORMATION
fixed length control field 230714s9999 xx 000 0 und d
020 ## - INTERNATIONAL STANDARD BOOK NUMBER
International Standard Book Number 9790000000000
041 ## - LANGUAGE CODE
Language code of text/sound track or separate title eng
082 ## - DEWEY DECIMAL CLASSIFICATION NUMBER
Classification number 620.106
Item number GAR
100 ## - MAIN ENTRY--PERSONAL NAME
Personal name Garde R.J.
245 ## - TITLE STATEMENT
Title Engineering Fluid Mechanics
260 ## - PUBLICATION, DISTRIBUTION, ETC. (IMPRINT)
Date of publication, distribution, etc. 2014
Name of publisher, distributor, etc. Scitech Publications
300 ## - PHYSICAL DESCRIPTION
Extent 577
365 ## - TRADE PRICE
Currency code Rs.
Price amount 540.00
700 ## - ADDED ENTRY--PERSONAL NAME
Personal name Garde R.J. & Mirajgaoker A.G.
9 (RLIN) 200012
906 ## - LOCAL DATA ELEMENT F, LDF (RLIN)
d O:0551028-Apr-2017B:519222-Apr-2017
c MECH
b 405

No items available.